| 000 | 00538nam a22001577a 4500 | ||
|---|---|---|---|
| 003 | NUST | ||
| 038 | _aNoman | ||
| 082 | _aMSCS-4 HAM | ||
| 100 |
_aAsma Hamza Bhatti _927462 |
||
| 245 | _aUnsupervised Video Object Segmentation using Conditional Random Fields / | ||
| 260 |
_aIslamabad _bNUST-SEECS _c2016 |
||
| 300 |
_a43p. _b27cm. _eCD Includes |
||
| 500 | _aSupervisors: Dr. Asad Anwar Butt, Dr. Anis ur Rahman, Dr. Omar Arif, Dr. Muhammad Moazam Fraz | ||
| 856 | _uhttp://10.250.8.41:8080/xmlui/handle/123456789/6610 | ||
| 942 |
_cPR _2ddc |
||
| 999 |
_c13686 _d13686 |
||